| 000 | 00919nam a2200265 c 4500 | ||
|---|---|---|---|
| 003 | BLK | ||
| 005 | 20180422115221.0 | ||
| 008 | 180411b bul|||||r ||||||| ||bul|| | ||
| 010 | _aKNG00191229000 | ||
| 040 | _aBLK | ||
| 041 |
_aBUL _cBUL |
||
| 080 |
_aБългарска литература _b821.163.2 _x-1 _z821.163.2-1 |
||
| 100 | 1 |
_aДаскалова, Лиана Георгиева _eпърви автор _9377018 |
|
| 139 |
_aДаскалова, Лиана Георгиева _bД 24 |
||
| 245 | 1 | 0 |
_aЛюляци и кипариси _bСтихове _cЛиана Георгиева Даскалова. |
| 257 | _aBGR | ||
| 260 |
_аПловдив _bХристо Г. Данов _c1978 |
||
| 300 |
_a91 с. _c20 см |
||
| 380 | _aX | ||
| 852 | _aЦб 93463 | ||
| 856 | 4 |
_qpdf _u |
|
| 856 | 4 |
_qpdf _u |
|
| 942 |
_cKNG _n0 |
||
| 944 |
_aCR _c30.09.2016 _kЛюбка_Николова |
||
| 944 |
_aED _c30.09.2016 _kЛюбка_Николова |
||
| 999 |
_c182306 _d182306 |
||